Premier League Footballer Career Path Quiz - Statistics

General Stats
  • This quiz has been taken 5,191 times
  • The average score is 8 of 20
Answer Stats
Past Clubs Current Club Answer % Correct
Genk, Chelsea, Wolfsburg Manchester City Kevin de Bruyne
96%
Gronigen, Celtic, Southampton Liverpool Virgil van Dijk
92%
Liverpool, Manchester City Chelsea Raheem Sterling
89%
Hamburg, Bayer Leverkusen Tottenham Hotspur Heung-Min Son
78%
Barnsley, Burnley, Tottenham, Atletico Madrid Newcaslte United Kieran Trippier
74%
Lens, Real Madrid Manchester United Raphaël Varane
70%
Basel, Borussia Monchengladbach Arsenal Granit Xhaka
64%
Argentinos Juniors, Boca Juniors Brighton Alexis Mac Allister
56%
Troyes Brentford Bryan Mbuemo
37%
Genk, Bayer Leverkusen Aston Villa Leon Bailey
37%
Tolouse, West Ham Fulham Issa Diop
27%
Lens, Tolouse, PSG, Tottenham, Villareal Nottingham Forest Serge Aurier
26%
Birmingham City, Leicester City, Bayer Leverkusen Everton Demarai Gray
17%
New York City FC, Manchester City, Middlesbrough Leeds United Jack Harrison
17%
River Plate, Fluminese, Al-Jazira West Ham Manuel Lanzini
14%
San Lorenzo, Feyenoord Bournemouth Marcos Senesi
12%
Brentford, Leicester City Crystal Palace Jeffrey Schlupp
10%
Maritimo, FC Porto, Olympiacos Wolves José Sá
7%
Sarpsborg 08, Molde, Basel, Celtic Southampton Mohamed Elyounoussi
6%
Djurgårdens IF, F.C. Copenhagen Leicester City Daniel Amartey
2%
No matching quizzes found
Score Distribution
Percent of People with Each Score
Percentile by Number Answered
Your Score History
You have not taken this quiz